000 00541nam a2200193Ia 4500
005 20250508165207.0
008 008 250505s9999 xx 000 0 eng d
037 _aDissertations
040 _aFEDL
_beng
_cFEDL
041 _aeng
_2eng
084 _a155.4, SIN/DI
_qFEDL
100 _aSingh Prerna
245 0 _aChildren's voices: Examining the role of parenting
260 _c2012
300 _a112p.
546 _aM.Ed. Dissertation, (Delhi University)
942 _cDIS
_h155.4, SIN/DI
999 _c1393694
_d1393694